| 000 | 00695nab a2200253 a 4500 | ||
|---|---|---|---|
| 001 | 54092 | ||
| 003 | 124709 | ||
| 005 | 20201118102950.0 | ||
| 008 | ||||||n9999 ||| || || | ||
| 041 | _aspa | ||
| 100 | _aPérez Pérez, Teodoro | ||
| 245 | 0 | _aProyectos pedagogicos para el cambio cultural, una aproximacion conceptual y metodologica | |
| 260 |
_aBogotá : _bUniversidad de Medellín, _c1997. |
||
| 300 | _app.30-40 | ||
| 562 | _e0 | ||
| 650 | _aANÁLISIS TEÓRICO | ||
| 650 | _aCAMBIO CULTURAL | ||
| 650 | _aCOLOMBIA | ||
| 650 | _aCONCEPTOS | ||
| 650 | _aMETODOLOGÍAS | ||
| 650 | _aPROYECTOS EDUCATIVOS | ||
| 773 |
_052443 _aRevista Avanzada - No.3 |
||
| 942 | _cSART | ||
| 999 |
_c54092 _d54092 |
||